| 000 | 00354 a2200145 4500 | ||
|---|---|---|---|
| 001 | 169800 | ||
| 020 | _a | ||
| 040 | _cMagnum | ||
| 100 | _aMelo, Jose Augusto de | ||
| 240 | 1 | 0 |
_a3ºintegrado - Pre-universitario/v.1 - matematica _lpor |
| 245 | 1 | 0 | _a3ºintegrado - Pre-universitario/v.1 - matematica |
| 362 | 0 | _a1899 | |
| 697 | _aGERAL | ||
| 942 | _cBK | ||
| 999 |
_c169800 _d169800 |
||